| 000 | 00750nam a2200229 a 4500 | ||
|---|---|---|---|
| 001 | 000019659 | ||
| 005 | 20200929170107.0 | ||
| 008 | 100702s1988 ru r 000 f spa d | ||
| 020 | _a5050018307 | ||
| 040 |
_aDO-SdBNP _bspa _cBNPHU |
||
| 082 |
_a891.7342 _bY21G |
||
| 100 | 1 |
_aYan, Vasili, _d1874-1954 _942105 |
|
| 245 | 1 | 0 |
_aKengis Kan : _bnovela / _cVasili Yan ; prólogo Ariadna Blinova. |
| 260 |
_aMoscú : _bRáduga, _c1988. |
||
| 300 |
_a391 p. ; _c20 cm. |
||
| 504 | _aIncluye referencias bibliográficas y notas al pie de las páginas. | ||
| 650 | 4 |
_aNovela rusa _94742 |
|
| 650 | 4 |
_aLiteratura rusa _94743 |
|
| 700 | 1 |
_aBlinova, Ariadna, _epról. _942106 |
|
| 710 | 1 |
_aEditorial Arte y Literatura, _cLa Habana, _etr. _942107 |
|
| 049 | _aBNGR | ||
| 999 |
_c19175 _d19175 |
||